• 首页
  • 本馆介绍
  • 公告通知
  • 最新文献
  • 馆藏检索
  • 电子资源
  • 读者导购
  • 参考咨询
  • 我的图书馆
  • 登录
  • 详细信息显示
  • 放入我的书架
  • 预约/预借图书
  • 作者相关作品
  • 分类相关作品
  • 丛书相关作品
  • 出版社相关作品

书目信息

  • 表格格式
  • 工作单格式
  • 卡片格式
书名: French Women Don't Get Fat
作者: MIREILLE GUILIANO.
分册号:
分册名:
出版地: NEW YORK :
 
出版社: Random House,Inc
出版时间: 2005.
页数: 263 p. ;
开本: 20cm.
丛书名:
中图分类号:
科图分类号:
其他分类号: R153.1
主题词:
电子资源:
000 00463nam 2200157 a 4500
001 E0751538265
005 20070315142932.89
008 070315s2005 00010 eng
020    @a1-4000-4212-7.
040    @aPFT@beng
090    @aR153.1
099    @dR153.1@ex9
245 1  @aFrench Women Don't Get Fat :@bThe Secret Of Eating For Pleasure / @cMIREILLE GUILIANO.
260    @aNEW YORK :@bRandom House,Inc.,@c2005.
300    @a263 p. ;@c20cm.
700    @aGUILIANO,MIREILLE
    
    French Women Don't Get Fat : : The Secret Of Eating For Pleasure / / MIREILLE GUILIANO.-NEW YORK : : Random House,Inc., , 2005.
    263 p. ; ; 20cm.
    
    
    ISBN 1-4000-4212-7.
    
●
相关链接 在E读中查询图书 在五车中查询图书 在当当中查询图书 在豆瓣中查询图书


正题名:French Women Don't Get Fat     索取号:R153.1/x9         预约/预借

序号 登录号 条形码 馆藏地/架位号 状态 备注
1 0002238   300022384   第二样本阅览室/ [索取号:R153.1/x9] 在馆    
2 0002239   300022393   第四借阅区/ [索取号:R153.1/x9] 在馆    
唐山师范学院图书馆 欢迎您!
大连网信软件有限公司© 版权所有